000
00317nam a2200133Ia 4500
005
20260328101453.0
008
260328s9999||||xx |||||||||||||| ||und||
100
_a
Calvino, Italo
245
0
_a
Las Ciudades Invisibles /
_c
Italo Calvino
260
_b
Millenium
300
_a
119 p.
650
_a
URBANISMO
942
_c
BK
999
_c
8752
_d
8752